Statistics for Countries Without The Letters C,O,U,N,T,R,and Y In Their Name

Click here to take the quiz!

General Stats

  • This quiz has been taken 69 times
    (50 since last reset)
  • The average score is 3 of 7

Answer Stats

Answer% Correct
Fiji
67%
Mali
51%
Zambia
44%
Zimbabwe
31%
Belize
28%
Malawi
28%
Maldives
18%

Score Distribution

Percentile by Number Answered

Percent of People with Each Score

Your Score History

You have not taken this quiz since the last reset